00978nam a22002537a 4500003000400000020001800004082001900022100001700041245007100058260004000129300001000169546001200179650003700191650004100228650002600269650004000295650002800335700001800363700001900381942001200400999001900412952014800431952014500579OSt a9789327258271 a631.52bNAD/QU aNadarajan, N aQuantitative genetics and biometrical techniques in plant breeding aNew DelhibKalyani Publishersc2016 a324p. aEnglish aAnalysis of continuous variation aBiometrical technics and statistical aNature of gene action aHeterosis and inbreeding depression aQuantitative trait loci aManivannan, N aGunasekaran, M 2ddccBK c156892d156892 00102ddc40708GenaKAUCLVbKAUCLVcGENERALd2017-07-22g250.00l5m1o631.52 NAD/QUp226835r2025-05-24 00:00:00s2025-05-24w2017-07-22yBK 00102ddc40708GenaKAUCLVbKAUCLVcGENERALd2017-12-07g250.00l2o631.52 NAD/QUp226981r2025-04-21 00:00:00s2025-04-21w2017-12-07yBK